000 00559nam a2200193Ia 4500
008 120914t2007 xxu||||| |||| 00| 0 sin d
041 _asin
080 _a8 - 3 (Youn)
_bCOO
100 _aCoolidge,Susan
245 _aකෙතිට පාඩමක්
246 _aKethita Padamak
260 _aSadeepa Publishing House
_aColombo
_c2007
300 _b192p, 21 cm
500 _aSinhalese translation of Susan Coolidge's of What Katy Did
700 _aWijesuriya,Rohini
_etr.
942 _cBK
999 _c41549
_d41549
003 LK-CoDNM
040 _aLK-CoDNM
_dLK-CoDNM
_eLK-CoDNM